Conflict, livelihoods, and poverty in Guinea-Bissau / (Record no. 15009)

000 -LEADER
fixed length control field 00573cam a2200193 a 4500
020 ## - INTERNATIONAL STANDARD BOOK NUMBER
ISBN 0821370219
020 ## - INTERNATIONAL STANDARD BOOK NUMBER
ISBN 9780821370216
020 ## - INTERNATIONAL STANDARD BOOK NUMBER
ISBN 9780821370223
040 ## - CATALOGING SOURCE
Transcribing agency DLC
082 00 - DEWEY DECIMAL CLASSIFICATION NUMBER
Classification number 330 WOR 2007 A073 Or.
245 00 - TITLE STATEMENT
Title Conflict, livelihoods, and poverty in Guinea-Bissau /
260 ## - PUBLICATION, DISTRIBUTION, ETC. (IMPRINT)
Place of publication Washington, D.C. :
Name of publisher The World Bank,
Year of publication c2007.
300 ## - PHYSICAL DESCRIPTION
Number of Pages xiii, 88 p. :
Other physical details ill. ;
Dimensions 26 cm.
490 0# - SERIES STATEMENT
Series statement World Bank working paper ;
700 1# - ADDED ENTRY--PERSONAL NAME
Personal name Barry, Boubacar-Sid,
710 2# - ADDED ENTRY--CORPORATE NAME
Corporate name or jurisdiction name as entry element World Bank.
856 41 - ELECTRONIC LOCATION AND ACCESS
Uniform Resource Identifier http://www.loc.gov/catdir/toc/ecip076/2006101052.html
942 ## - ADDED ENTRY ELEMENTS (KOHA)
Koha item type សៀវភៅភាសាអង់គ្លេស
952 ## - LOCATION AND ITEM INFORMATION (KOHA)
Withdrawn status [LOCAL, KOHA] 0
Holdings
Permanent Location Date acquired Koha item type Lost status Shelving location Barcode Current Location Full call number
Library Block A2017-11-01សៀវភៅភាសាអង់គ្លេស A073A07715Library Block A330 WOR 2007 A073 Or.
មជ្ឈមណ្ឌលឯការនៃសាកលវិទ្យាល័យភូមិន្ទកសិកម្មចំការដូង

Powered by Koha